| 000 | 00538nam a22002057a 4500 | ||
|---|---|---|---|
| 003 | 0 | ||
| 005 | 20160609165526.0 | ||
| 008 | 100525t xxu||||| |||| 00| 0 eng d | ||
| 020 | _a978-2-915236-32-3 | ||
| 035 | _a10880 | ||
| 040 |
_aBUAC _cENEAM |
||
| 041 | _aFr | ||
| 082 | _a336.02 DAM- FIN | ||
| 100 |
_aDAMODARAN, Aswath _95518 |
||
| 245 |
_aFinance d'entreprise: _b théorie et pratique _c / Aswath Damodaran |
||
| 250 | _a2éme Ed. | ||
| 260 |
_aParis: _bNouveaux Horizons, _c2008 |
||
| 300 |
_a1351p. _b24cm. |
||
| 942 | _cLIVR | ||
| 999 |
_c47170 _d47170 |
||